000
00297nam a2200121Ia 4500
008
190216s9999||||xx |||||||||||||| ||und||
100
_a
Badri Ram
245
0
_a
Fundamentals Of Microprocessors And Microcomputers
260
_b
Dhanpat Rai
_c
1993
300
_a
490
650
_a
Computer
942
_c
BK
999
_c
8392
_d
8392